| 000 | 00796nam a22001815i 4500 | ||
|---|---|---|---|
| 001 | 164059 | ||
| 003 | ES-MaACL | ||
| 005 | 20250915063100.0 | ||
| 008 | 021008s1893 sp |||| | cat d | ||
| 040 |
_aCAM _bspa _cCAM |
||
| 100 | 1 |
_aRovira y Serra, Manuel, _d1865-1929 _9132129 |
|
| 245 | 1 | 2 |
_aL'hereu de mas _b: drama en tres actes y un epĂlech / _cescrit en vers per Manel Rovira y Serra. |
| 260 |
_aBarcelona : _b[s.n.], _c1893 ( _fImprempta de Henrich y compÂȘ) |
||
| 300 |
_a80 p. ; _c21 cm. |
||
| 500 | _aEn port.: "Estrenat en lo Teatro de Novedats la nit del 15 de mars de 1893" | ||
| 852 |
_aES-MaACL _jG-3518(3) _z-- Enc. tela roja con hierros dorados, falto de la enc. original _z-- Enc. en un vol. facticio _x-- Corregir 245: L'hereu del mas |
||
| 999 |
_c164059 _d164059 |
||